| 000 | 00739nam a2200229 a 4500 | ||
|---|---|---|---|
| 005 | 20160202135430.0 | ||
| 008 | 160202b xxu||||gr|||| 00| 0 spa d | ||
| 020 | _a0970360401 | ||
| 040 |
_aCO-BoIAVH _cCO-BoIAVH |
||
| 041 | _aeng | ||
| 082 |
_a660.6 _bP89a |
||
| 245 | 2 |
_aA Practical guide to containment _bgreenhouse research with transgenic plants and microbes |
|
| 260 |
_aVirginia _bInformation Systems for Biotechnology _c2001 |
||
| 300 |
_a59 paginas.: _bilustraciones.; _c27 x 21 cm |
||
| 650 | 6 |
_aBiotecnología _956516 |
|
| 650 | 6 |
_a Tecnología _956517 |
|
| 650 | 6 |
_aplantas transgenicas _956518 |
|
| 700 | 1 |
_aAdair, Dann _956519 |
|
| 700 | 1 |
_aIrwin, Ruth _956520 |
|
| 700 | 1 |
_aTraynor, Patrica L. _956521 |
|
| 942 |
_cLIBRO _2ddc |
||
| 999 |
_c6827 _d6827 |
||